[Event "Camaguey-A"]
[Site "Camaguey"]
[Date "2010.02.07"]
[Round "11"]
[White "Hechavarria Puga, Ernesto"]
[Black "Robaina Hernandez, Carlos"]
[Result "0-1"]
[WhiteElo "2094"]
[BlackElo "2182"]
[PlyCount "64"]
[EventDate "2010.02.02"]
[EventType "tourn"]
[EventRounds "11"]
[EventCountry "CUB"]
[SourceTitle "CBM 135 Extra"]
[Source "ChessBase"]
[SourceDate "2010.05.04"]
[SourceVersion "1"]
[SourceVersionDate "2010.05.04"]
[SourceQuality "1"]

1. e4 e6 2. d4 d5 3. e5 c5 4. c3 Nc6 5. Nf3 Qb6 6. a3 a5 7. Bd3 Bd7 8. 0-0 a4 9. Ng5 Be7 10. dxc5 Qc7 11. Nf3 Nxe5 12. Nxe5 Qxe5 13. Qf3 Qc7 14. Re1 Nf6 15. Bf4 Qxc5 16. Nd2 h6 17. Be5 Bc6 18. Bd4 Qd6 19. Nf1 0-0 20. Ng3 Nd7 21. Qg4 Nf6 22. Qf3 Ne8 23. Qe3 Bg5 24. Qe2 Bf6 25. Nh5 Bxd4 26. cxd4 Qd8 27. Nf4 Qf6 28. Qe3 Nd6 29. f3 Bb5 30. Bc2 Rfc8 31. Bd3 Bxd3 32. Nxd3 Nf5 0-1

[Event "Camaguey-A"]
[Site "Camaguey"]
[Date "2010.02.05"]
[Round "7"]
[White "Hechavarria Puga, Ernesto"]
[Black "Quesada Vera, Liordis"]
[Result "0-1"]
[WhiteElo "2094"]
[BlackElo "2304"]
[PlyCount "78"]
[EventDate "2010.02.02"]
[EventType "tourn"]
[EventRounds "11"]
[EventCountry "CUB"]
[SourceTitle "CBM 135 Extra"]
[Source "ChessBase"]
[SourceDate "2010.05.04"]
[SourceVersion "1"]
[SourceVersionDate "2010.05.04"]
[SourceQuality "1"]

1. e4 e6 2. d4 d5 3. e5 c5 4. c3 Bd7 5. Bd3 Qb6 6. dxc5 Bxc5 7. Qe2 a5 8. Nd2 a4 9. Nf1 f5 10. Ng3 Ne7 11. Nf3 0-0 12. 0-0 Nbc6 13. Nh5 Ng6 14. Bf4 d4 15. Rae1 Qc7 16. Qd2 dxc3 17. bxc3 Nxf4 18. Nxf4 Nd8 19. Nd4 Be7 20. Bb5 Bg5 21. Bxd7 Qxd7 22. Qe3 Rc8 23. Rc1 Rc4 24. g3 Bxf4 25. gxf4 Nc6 26. Nxc6 Qxc6 27. Rfd1 Rc8 28. Rd6 Qe8 29. Qb6 Rxf4 30. Rxe6 Rg4+ 31. Kh1 Qd7 32. Rd6 Qe7 33. e6 Re4 34. Rcd1 Re8 35. f3 Rxe6 36. Rxe6 Qxe6 37. Qxb7 Qxa2 38. Rg1 Qf7 39. Rd1 Qxb7 0-1

[Event "Camaguey Province-ch"]
[Site "Camaguey"]
[Date "2009.11.18"]
[Round "2"]
[White "Robaina Hernandez, Carlos"]
[Black "Hechavarria Puga, Ernesto"]
[Result "1/2-1/2"]
[WhiteElo "2180"]
[BlackElo "2080"]
[PlyCount "29"]
[EventDate "2009.11.02"]
[EventType "tourn"]
[EventRounds "18"]
[EventCountry "CUB"]
[EventCategory "1"]
[SourceTitle "EXT 2012"]
[Source "ChessBase"]
[SourceDate "2011.11.24"]
[SourceVersion "1"]
[SourceVersionDate "2011.11.24"]
[SourceQuality "1"]

1. e4 c5 2. Nf3 g6 3. d4 cxd4 4. Nxd4 Bg7 5. Nc3 Nc6 6. Be3 Nf6 7. Be2 0-0 8. Qd2 d5 9. exd5 Nxd5 10. Nxc6 bxc6 11. Nxd5 cxd5 12. c3 Qa5 13. b4 Qc7 14. Bc5 Rd8 15. 0-0 1/2-1/2

[Event "Camaguey Province-ch"]
[Site "Camaguey"]
[Date "2009.11.08"]
[Round "1"]
[White "Leon Oquendo, Jorge L"]
[Black "Hechavarria Puga, Ernesto"]
[Result "1-0"]
[WhiteElo "2108"]
[BlackElo "2080"]
[PlyCount "136"]
[EventDate "2009.11.02"]
[EventType "tourn"]
[EventRounds "18"]
[EventCountry "CUB"]
[EventCategory "1"]
[SourceTitle "EXT 2012"]
[Source "ChessBase"]
[SourceDate "2011.11.24"]
[SourceVersion "1"]
[SourceVersionDate "2011.11.24"]
[SourceQuality "1"]

1. e4 c5 2. c3 d6 3. Nf3 Nc6 4. d4 Nf6 5. Be2 g6 6. 0-0 Bg7 7. d5 Nb8 8. Bd3 0-0 9. h3 e5 10. dxe6 fxe6 11. e5 dxe5 12. Nxe5 Nd5 13. Qe2 Qc7 14. Re1 Nc6 15. Nxc6 Qxc6 16. Na3 e5 17. Be4 Qe6 18. Qc4 Nf4 19. Bxf4 Qxc4 20. Nxc4 exf4 21. Bd5+ Kh8 22. Nd6 h6 23. Re7 Bf5 24. Rxb7 Rab8 25. Rxa7 Rxb2 26. Re1 Rb1 27. Rxb1 Bxb1 28. c4 g5 29. a4 Bg6 30. a5 Be5 31. Nb5 Be8 32. Ra8 Kg7 33. Kf1 Bxb5 34. cxb5 Rxa8 35. Bxa8 c4 36. Bd5 Bc3 37. a6 Bd4 38. Bxc4 Kf6 39. Ke2 Ke5 40. f3 Bb6 41. Kd3 Ba7 42. Bf7 Bc5 43. Kc4 Kd6 44. Bg6 Bb6 45. Kb4 Kd5 46. Be8 Kd6 47. Ka4 Kc5 48. a7 Bxa7 49. Ka5 Bb6+ 50. Ka6 Bd8 51. Kb7 Ba5 52. Bc6 Bd8 53. Kc8 Ba5 54. Kd7 Kb6 55. Ke6 Be1 56. Kf5 Bb4 57. Kg6 Bf8 58. Kf7 Bb4 59. Kg7 Be1 60. Kxh6 Bh4 61. Kh5 Kc5 62. Kg4 Kd6 63. g3 Bxg3 64. Kxg5 Ke5 65. b6 Bf2 66. b7 Ba7 67. h4 Bb8 68. Kg6 Kd6 1-0

[Event "Camaguey Province-ch"]
[Site "Camaguey"]
[Date "2009.11.08"]
[Round "1"]
[White "Nieves Moros, Ricardo"]
[Black "Hechavarria Puga, Ernesto"]
[Result "1/2-1/2"]
[WhiteElo "2085"]
[BlackElo "2080"]
[PlyCount "125"]
[EventDate "2009.11.02"]
[EventType "tourn"]
[EventRounds "18"]
[EventCountry "CUB"]
[EventCategory "1"]
[SourceTitle "EXT 2012"]
[Source "ChessBase"]
[SourceDate "2011.11.24"]
[SourceVersion "1"]
[SourceVersionDate "2011.11.24"]
[SourceQuality "1"]

1. e4 c5 2. Nf3 Nc6 3. Nc3 Nf6 4. d4 cxd4 5. Nxd4 e5 6. Ndb5 d6 7. Bg5 a6 8. Na3 b5 9. Nd5 Be7 10. Bxf6 Bxf6 11. c4 b4 12. Nc2 Rb8 13. b3 Bg5 14. g3 0-0 15. h4 Bh6 16. Bh3 Be6 17. Bf5 Bxd5 18. Qxd5 Ne7 19. Qd3 Nxf5 20. exf5 e4 21. Qd5 Qf6 22. 0-0 Rfe8 23. Ne3 Bxe3 24. fxe3 Rbd8 25. Rad1 Re5 26. Qd4 a5 27. Rf4 Qe7 28. Qb6 f6 29. Rd4 g6 30. fxg6 hxg6 31. Rd5 Rxd5 32. cxd5 Ra8 33. Qd4 f5 34. Kg2 Rc8 35. Rf2 Qg7 36. Qb6 Qc7 37. Qd4 Qc3 38. Qb6 Qc5 39. Qb7 Qc7 40. Qb5 Rb8 41. Qe2 Qc5 42. h5 Kg7 43. Qb2+ Qc3 44. Qe2 Qd3 45. Qxd3 exd3 46. hxg6 Rc8 47. Rf4 Rc2+ 48. Kf3 Rxa2 49. Rd4 d2 50. Ke2 Kxg6 51. e4 fxe4 52. Rxe4 Kf5 53. Re6 Rb2 54. Rxd6 Rxb3 55. Kxd2 Rxg3 56. Ra6 Ra3 57. Kc2 a4 58. d6 Ke6 59. Kb2 Kd7 60. Rb6 Rb3+ 61. Ka2 Kc8 62. Ra6 Ra3+ 63. Kb2 1/2-1/2

[Event "Camaguey Province-ch sf"]
[Site "Camaguey"]
[Date "2009.08.24"]
[Round "10"]
[White "Falo, Jose"]
[Black "Hechavarria Puga, Ernesto"]
[Result "1-0"]
[WhiteElo "2072"]
[BlackElo "2080"]
[PlyCount "49"]
[EventDate "2009.08.15"]
[EventType "tourn"]
[EventRounds "17"]
[EventCountry "CUB"]
[EventCategory "1"]
[SourceTitle "EXT 2012"]
[Source "ChessBase"]
[SourceDate "2011.11.24"]
[SourceVersion "1"]
[SourceVersionDate "2011.11.24"]
[SourceQuality "1"]

1. e4 c5 2. Nc3 Nc6 3. f4 e6 4. Nf3 d5 5. Bb5 Nf6 6. Bxc6+ bxc6 7. d3 Be7 8. 0-0 Ba6 9. Re1 0-0 10. b3 Qc7 11. e5 Nd7 12. Ne2 c4 13. dxc4 dxc4 14. Ng3 Rfd8 15. Qe2 Nb6 16. f5 Nd5 17. Qe4 Bb4 18. f6 gxf6 19. exf6 Nxf6 20. Qh4 Bxe1 21. Qg5+ Kf8 22. Ba3+ Ke8 23. Rxe1 Nd5 24. Ne5 Ne7 25. Nxf7 1-0

[Event "Camaguey Province-ch sf"]
[Site "Camaguey"]
[Date "2009.08.19"]
[Round "6"]
[White "Torres Delgado, Walfrido"]
[Black "Hechavarria Puga, Ernesto"]
[Result "0-1"]
[WhiteElo "2003"]
[BlackElo "2080"]
[PlyCount "62"]
[EventDate "2009.08.15"]
[EventType "tourn"]
[EventRounds "17"]
[EventCountry "CUB"]
[EventCategory "1"]
[SourceTitle "EXT 2012"]
[Source "ChessBase"]
[SourceDate "2011.11.24"]
[SourceVersion "1"]
[SourceVersionDate "2011.11.24"]
[SourceQuality "1"]

1. d4 Nf6 2. c4 g6 3. Nc3 Bg7 4. e4 d6 5. Be2 0-0 6. Nf3 e5 7. dxe5 dxe5 8. Qxd8 Rxd8 9. Bg5 Re8 10. Rd1 h6 11. Bh4 Bg4 12. Nd5 Nxd5 13. cxd5 c6 14. h3 Bxf3 15. gxf3 cxd5 16. exd5 g5 17. Bg3 Nd7 18. Bb5 Red8 19. h4 Nb6 20. hxg5 hxg5 21. d6 Kf8 22. Rh7 f6 23. Ke2 a6 24. Bd3 Rxd6 25. Rdh1 Rad8 26. Rh8+ Bxh8 27. Rxh8+ Kg7 28. Rh7+ Kg8 29. Rxb7 Rxd3 30. Rxb6 R3d6 31. Rb3 Kf7 0-1